000 00727cam a2200205 4500
001 WB3705-37
008 000000n2001 000 0 eng u
035 _a(Sirsi) u110649
245 _aSupermarkets act against GM feed
260 _c2001
490 _aFinancial Times
_v26 January 2001, 6(1)
520 _aTesco and Asda, two of the UK's largest supermarkets, have announced they are to ban genetically modified animal feed from their own-brand meat products. The move, a response to customer demand, may affect US soya and maize exports to the UK.
590 _aWB
650 _aGENETICALLY MODIFIED FOODS
650 _aTESCO
650 _aASDA
650 _aSUPERMARKETS
690 _aRural
_96268
942 _n0
999 _c65932
_d65932